MARC

LEADER 00000nam0a2200000 4500
001 52466
005 20231031041631.0
035 |a (RuTPU)RU\TPU\book\54974 
090 |a 52466 
100 |a 20030530d1978 km y0rusy50 ca 
101 0 |a rus 
102 |a UA 
105 |a a z 001zy 
200 1 |a Пьезоэлектрические трансформаторы тока  |f И. А. Карташев, Н. Б. Марченко 
210 |a Киев  |c Технiка  |d 1978 
215 |a 176 с.  |c ил. 
320 |a Библиогр.: с. 172-174 
610 1 |a преобразовательная техника 
610 1 |a пьезоэлектрические трансформаторы 
610 1 |a трансформаторы тока 
610 1 |a применение 
610 1 |a параметры 
610 1 |a физические основы 
610 1 |a режимы работы 
610 1 |a конструкции 
610 1 |a расчет 
675 |a 621.314.224  |v 3 
700 1 |a Карташев  |b И. А.  |g Игорь Александрович 
701 1 |a Марченко  |b Н. Б.  |g Николай Борисович 
801 1 |a RU  |b 63413507  |c 20030530  |g PSBO 
801 2 |a RU  |b 63413507  |c 20161206  |g PSBO 
942 |c BK